[Event "Tournoi Ouvert de Gatineau (C)"]
[Site "Gatineau"]
[Date "2015.03.??"]
[Round "3"]
[White "Traversy, Pierre "]
[Black "Ethier, Valori "]
[Result "0-1"]
[BlackElo "1347"]
[WhiteElo "1224"]

{ D02: 1 d4 d5 2 Nf3 sidelines, including 2...Nf6 3 g3 and 2...Nf6 3 Bf4 }
1.d4 d5 2.Nf3 Nf6 3.b3 c6 ( 3...Bg4 4.Bb2 e6 5.Nbd2 Nbd7 6.e3 Ne4 7.Nxe4 dxe4
8.h3 Bh5 9.g4 Bg6 10.Nd2 h5 11.Rg1 hxg4 12.hxg4 Qg5 13.Qe2 Rh2 14.O-O-O O-O-O
15.Rg2 Rxg2 16.Bxg2 Nf6 17.Rf1 Bb4 18.c3
{ Fridman,R (2295)
-Wengenroth,W (2180)/Germany 2000/EXT 2001/1/2-1/2 (31) } ) 4.Bb2 ( 4.h3 e6
5.g4 Be7 6.Nbd2 Ne4 7.Bb2 h5 8.Nxe4 dxe4 9.Ne5 Bh4 10.e3 g6 11.Qe2 Qa5+ 12.c3
Nd7 13.Nc4 Qc7 14.Bg2 f5 15.O-O-O Bf6 16.f3 exf3 17.Bxf3 h4 18.gxf5 exf5
{ Magi,T (1899)-Nagy,J (1956)/Hungary 2010/EXT 2011/1-0 (63) } ) 4...Bf5
5.Nbd2 $146 { Diagram # } ( 5.e3 Nbd7 ( 5...e6 6.a3 Nbd7 7.Nbd2 Bd6 8.c4 O-O
9.Be2 Re8 10.O-O Be4 11.Ng5 h6 12.Ngxe4 Nxe4 13.Nxe4 dxe4 14.f4 f5 15.Kh1 Nf6
16.Rg1 Kf7 17.Rb1 Rg8 18.h3 g5 19.Rf1 gxf4 20.exf4
{ Simko,L (1718)
-Nyamadi,A (1855)/Eger 2008/EXT 2011/0-1 (36) } ) 6.Bd3 Bg4 7.Nbd2 e6 8.a3
Bd6 9.Be2 Qc7 10.h3 Bh5 11.Rc1 O-O 12.O-O e5 13.dxe5 Nxe5 14.Nxe5 Bxe2
15.Qxe2 Bxe5 16.Bxe5 Qxe5 17.Qd3 Rfe8 18.Rfe1 Rad8 19.Qd4 Qxd4
{ Papp,J (1923)
-Sugar,G/Budapest 2006/CBM 110 ext/1-0 (36) } ) 5...Nbd7 6.e3 e6 7.c4 dxc4
8.bxc4 Bb4 9.Be2 O-O 10.O-O c5 11.a3
{ White threatens to win material: a3xb4 } 11...Ba5 12.Nh4 Bxd2 13.Qxd2 $4
{ there were better ways to keep up the pressure } ( 13.Nxf5 $142
{ would bring relief } 13...Ba5 14.Ng3 $14 ) 13...Ne4 $19 14.Qc1 Qxh4 15.Bf3
b6 16.Bxe4 Qxe4 17.f3 Qc2 18.e4 Qxc1 19.Raxc1 ( 19.Bxc1 $4 Bg6 20.dxc5 Nxc5
$19 ) 19...Bg6 20.Rfe1 ( 20.d5 Rfe8 21.Rfe1 f6 $19 ) 20...Rfd8 ( 20...cxd4
{ keeps an even firmer grip } 21.Bxd4 Rac8 22.Red1 $19 ) 21.Rcd1
{ White plans d5[%cal Yd4d5] } ( 21.d5 f6 $19 ) 21...Rac8 22.f4 ( 22.d5
{ does
not win a prize } 22...exd5 23.cxd5 f6 $19 ) 22...Nf6 23.d5 Bxe4 ( 23...Nxe4
$142 { and the rest is a matter of technique } 24.dxe6 fxe6 $19 ) 24.Bxf6 $17
gxf6 25.Rxe4 Kf8 26.d6 $2 ( 26.Kf2 exd5 27.cxd5 Rd6 $17 ) 26...Ke8 ( 
26...Rc6 $142 $5 27.d7 Rc7 $19 ) 27.Re3 Kd7 28.a4 Kc6 29.Red3 Rd7 30.Kf2 a6
( 30...f5 31.Rh3 Rh8 32.a5 $19 ) 31.Ke3 $2 ( 31.Rh3 $5 $17 ) 31...Rb8 32.Ke4
b5 33.Rb3 $2 ( 33.axb5+ axb5 34.cxb5+ Rxb5 $19 ) 33...Rxd6 ( 33...b4 $142 $5
{ and Black
can already relax } 34.f5 Rg8 35.fxe6 fxe6 36.Kf3 $19 ) 34.Rxd6+ ( 34.axb5+
$142 $5 axb5 35.cxb5+ Kc7 36.Rxd6 Kxd6 37.Rh3 $17 ) 34...Kxd6 $19 35.axb5
axb5 36.cxb5 c4 37.Rb1 $2 ( 37.Rh3 $142 Rxb5 38.Kd4 $19 ) 37...Kc5 38.b6 ( 
38.Ra1 Rxb5 39.Ke3 Rb2 $19 ) 38...Rxb6 39.Rxb6 ( 39.Ra1 Rb2 40.Ra7 f5+ 41.Ke3
Rxg2 42.Rc7+ Kb4 43.Rb7+ Kc3 44.Rxf7 Rxh2 45.Rc7 $19 ) 39...Kxb6 40.Kd4 Kb5
41.Kc3 Kc5 42.g3 e5 ( 42...e5 43.fxe5 fxe5 44.g4 f6 45.h3 e4 46.h4 e3 47.g5
fxg5 48.hxg5 Kd5 49.g6 hxg6 50.Kc2 Kd4 51.Kc1 Kd3 52.Kd1 c3 53.Ke1 e2 54.Kf2
c2 55.Kf3 c1=Q 56.Kf2 e1=Q+ 57.Kf3 Qce3+ 58.Kg4 Q3g3# ) 0-1

[Event "Tournoi Ouvert de Gatineau (C)"]
[Site "Gatineau"]
[Date "2015.03.??"]
[Round "3"]
[White "Sabourin, Yves"]
[Black "Légaré, Gilles"]
[Result "1-0"]
[BlackElo "1104"]
[TimeControl "1500"]
[WhiteElo "1447"]

{ 512MB, Rybka3.ctg, Valo-PC } 1.e4 c5 2.c3 e5 3.d4 cxd4 4.cxd4 exd4 5.Qxd4
Nc6 6.Qe3 Qb6 7.Qxb6 axb6 8.a3 Bc5 9.Bd2 Nf6 10.Bd3 Ne5 11.Bc2 O-O 12.b4 Bd6
13.f4 Nc4 14.e5 Re8 15.Ne2 Nxe5 16.fxe5 Bxe5 17.Bc3 Bc7 18.Bxf6 gxf6 19.Nc3
Be5 20.O-O d6 21.b5 Kh8 22.a4 Rg8 23.Rad1 Bg4 24.Rde1 Bh3 25.Be4 f5 26.Bf3 f4
27.Kh1 Be6 28.Bxb7 Rab8 29.Bd5 Rg5 30.Bxe6 fxe6 31.Ne4 Rg6 32.Nxf4 Rh6 33.Ng5
Kg7 34.Ngxe6+ Kh8 35.Rc1 Rg8 36.Rc4 Rf6 37.g3 d5 38.Rc6 d4 39.Re1 Rf5 40.Rxb6
h5 41.Rc6 h4 42.g4 Rxg4 43.Rc8+ Kh7 44.Nf8+ Kg7 45.Nh5+ Kh6 46.Nd7 Bxh2
47.Rh8+ Kg6 48.Rg8+ Kxh5 49.Rxg4 Rf2 50.Rg2 d3 51.Rxf2 Bg3 52.Rf5+ Kg4
53.Rg5+ Kh3 54.Rd1 Bf2 55.Rxd3+ 1-0

[Event "Tournoi Ouvert de Gatineau (C)"]
[Site "Gatineau"]
[Date "2015.03.07"]
[Round "3"]
[White "St-Pierre, Paul"]
[Black "Sabourin, Sébastien"]
[Result "1-0"]
[BlackElo "1353"]
[EventDate "2015.??.??"]
[TimeControl "1500"]
[WhiteElo "1577"]

{ 512MB, Rybka3.ctg, Valo-PC } 1.d4 d5 2.c4 c6 3.Nf3 Nf6 4.Nc3 e6 5.Bg5 h6
6.Bh4 Be7 7.e3 Nbd7 8.Bd3 dxc4 9.Bxc4 Nb6 10.Bb3 Nbd5 11.Rc1 O-O 12.O-O Qc7
13.Ne5 a5 14.f3 Nxe3 15.Qd3 Nxf1 16.Rxf1 Rd8 17.Bc2 Kf8 18.Bg3 Bd6 19.Ne4
Nxe4 20.fxe4 Bxe5 21.Bxe5 Qe7 22.Qg3 Qg5 23.Qf3 f6 24.Bf4 Qg6 25.Qc3 Kg8
26.Rf3 Qf7 27.Rg3 Kh8 28.Qe3 g5 29.Bxg5 fxg5 30.Rf3 Qg7 31.e5 Bd7 32.Rf6 Rf8
33.Qh3 Rf7 34.Rxh6+ Kg8 35.Rg6 Rf5 36.Rxg7+ Kxg7 37.Bxf5 exf5 38.Qh5 g4
39.Qg5+ Kf8 40.Qf6+ Kg8 41.e6 1-0

[Event "Tournoi Ouvert de Gatineau (C)"]
[Site "Gatineau"]
[Date "2015.03.??"]
[Round "4"]
[White "Sabourin, Yves"]
[Black "Ménard, Marc"]
[Result "0-1"]
[BlackElo "1467"]
[EventDate "2015.??.??"]
[TimeControl "1500"]
[WhiteElo "1447"]

{ 512MB, Rybka3.ctg, Valo-PC } 1.e4 e5 2.Nf3 Nc6 3.Bc4 Nf6 4.O-O Bc5 5.Nc3
O-O 6.a3 a5 7.d3 b6 8.Bb5 Re8 9.Bxc6 dxc6 10.Bg5 Ba6 11.Na2 h6 12.Bh4 b5
13.b4 Bb6 14.Re1 c5 15.bxc5 Bxc5 16.Nc3 g5 17.Bg3 Bd4 18.Nxd4 Qxd4 19.Qd2 Nh5
20.Nd5 Ra7 21.Qxa5 Qc5 22.Qc3 Qxc3 23.Nxc3 Nxg3 24.hxg3 c6 25.Reb1 Rea8
26.Ra2 Bc8 27.a4 Be6 28.Ra3 g4 29.Rb4 h5 30.f3 f6 31.Kf2 Kg7 32.f4 Kh6 33.d4
Bc4 34.Ke3 Bf1 35.d5 c5 36.Rb1 b4 37.Raa1 Bxg2 38.Nb5 Rxa4 39.Rxa4 Rxa4 40.d6
Ra8 41.d7 Rd8 42.Rd1 c4 43.Na7 b3 44.Nc6 bxc2 45.Rc1 Rxd7 46.Rxc2 Rd3+ 47.Kf2
Bxe4 48.Rxc4 Bxc6 49.Rxc6 Rf3+ 50.Kg2 exf4 51.Rxf6+ Kg5 52.Rf8 Rxg3+ 53.Kf2
Rf3+ 54.Kg2 Ra3 55.Rg8+ Kh4 56.Rb8 f3+ 0-1

[Event "Tournoi Ouvert de Gatineau (C)"]
[Site "Gatineau"]
[Date "2015.03.??"]
[Round "4"]
[White "Lemieux, Serge"]
[Black "St-Pierre, Paul"]
[Result "1/2-1/2"]
[BlackElo "1447"]
[EventDate "2015.??.??"]
[TimeControl "1500"]
[WhiteElo "1545"]

{ 512MB, Rybka3.ctg, Valo-PC } 1.d4 d5 2.e3 Nf6 3.Bd3 e6 4.Nd2 b6 5.f4 Ba6
6.Ngf3 Bxd3 7.cxd3 Nfd7 8.a3 c5 9.O-O Nc6 10.Ne5 Ncxe5 11.dxe5 Qc7 12.d4 Be7
13.Nf3 h6 14.Bd2 O-O 15.Rc1 Qb7 16.Be1 cxd4 17.exd4 Rac8 18.Bc3 b5 19.b4 Nb6
20.Nd2 Na4 21.Rf3 f6 22.Nb3 Nxc3 23.Rfxc3 Rxc3 24.Rxc3 fxe5 25.fxe5 Qb6
26.Nc5 Bxc5 27.Rxc5 Qb7 28.Qe2 a6 29.g3 Qf7 30.Kg2 Qf5 31.Rc3 g5 32.Rf3 Qxf3+
33.Qxf3 Rxf3 34.Kxf3 h5 1/2-1/2

[Event "Tournoi Ouvert de Gatineau (C)"]
[Site "Gatineau"]
[Date "2015.03.??"]
[Round "4"]
[White "Latreille, Étienne"]
[Black "Poirier, Alexis"]
[Result "1-0"]
[BlackElo "1536"]
[EventDate "2015.??.??"]
[TimeControl "1500"]
[WhiteElo "1365"]

{ 512MB, Rybka3.ctg, Valo-PC } 1.e4 c5 2.Nc3 a6 3.Bc4 e6 4.f4 b5 5.Be2 Nc6
6.d3 d5 7.Bf3 d4 8.Nce2 Bb7 9.Nh3 Nf6 10.O-O h5 11.Nf2 Qc7 12.e5 Nd5 13.Ne4
Nde7 14.Nd6+ Kd7 15.Nxf7 Rh7 16.Ng3 g6 17.Nd6 Nf5 18.Nge4 Be7 19.Nxc5+ Kd8
1-0

[Event "Tournoi Ouvert de Gatineau (C)"]
[Site "Gatineau"]
[Date "2015.03.??"]
[Round "4"]
[White "Gangolli, Rahul"]
[Black "Masse-Garneau, Anthony"]
[Result "0-1"]
[BlackElo "1115"]
[EventDate "2015.??.??"]
[TimeControl "1500"]
[WhiteElo "973"]

{ 512MB, Rybka3.ctg, Valo-PC } 1.d4 d5 2.Nf3 Nf6 3.e3 Bg4 4.Nbd2 e6 5.Bd3 a6
6.O-O Bd6 7.Re1 Nc6 8.c3 O-O 9.Qe2 Re8 10.e4 dxe4 11.Nxe4 Nxe4 12.Qxe4 f5
13.Qe2 g6 14.d5 exd5 15.Qxe8+ Qxe8 16.Rxe8+ Rxe8 17.Bh6 Bxf3 18.gxf3 Ne5
19.Be2 Nf7 20.Bd3 Nxh6 21.Kg2 Nf7 22.h4 h5 23.Kh3 Re7 24.Rg1 Kg7 25.Bxf5 Nh8
26.Bc2 Re2 27.Bd1 Rxf2 28.Rg2 Rxg2 29.Kxg2 Nf7 30.b3 b5 31.a4 c5 32.Be2 bxa4
33.bxa4 a5 34.Kf2 d4 35.c4 Kf6 36.Bd3 g5 37.hxg5+ Kxg5 38.Kg2 Ne5 39.Be2 d3
40.f4+ Kxf4 41.Bxh5 Nxc4 0-1

[Event "Tournoi Ouvert de Gatineau (C)"]
[Site "Gatineau"]
[Date "2015.03.??"]
[Round "4"]
[White "Simard, Paul"]
[Black "Dupont-Mageau, Nicolas"]
[Result "0-1"]
[BlackElo "1267"]
[EventDate "2015.??.??"]
[TimeControl "1500"]
[WhiteElo "1137"]

{ 512MB, Rybka3.ctg, Valo-PC } 1.f4 d5 2.e3 c5 3.Nf3 Nc6 4.Bb5 Qc7 5.b3 Nf6
6.Bb2 Bf5 7.O-O e6 8.Ne5 a6 9.Bxc6+ bxc6 10.a4 Be7 11.h3 O-O 12.Nc3 Ne4
13.Ne2 f6 14.Nd3 Rab8 15.Ba3 c4 16.bxc4 dxc4 17.Nf2 Bxa3 18.Rxa3 Qd6 19.Nxe4
Qxa3 20.N4g3 Qxa4 21.Nd4 Rb2 22.Ngxf5 exf5 23.c3 Qxd1 24.Rxd1 Rd8 25.Nxf5
Rdxd2 26.Ne7+ Kf7 27.Rxd2 Rxd2 28.Nxc6 Rd3 29.Nb4 Rxc3 30.Nxa6 Rxe3 31.Nc5 c3
32.Kf2 c2 33.Kxe3 c1=Q+ 34.Kd4 Qg1+ 35.Kd5 Qxg2+ 36.Ne4 Qxh3 37.Kd6 Qe6+
0-1

[Event "Tournoi Ouvert de Gatineau (C)"]
[Site "Gatineau"]
[Date "2015.03.??"]
[Round "4"]
[White "Peters, Romy"]
[Black "Carroll, Billy"]
[Result "1-0"]
[BlackElo "1375"]
[EventDate "2015.??.??"]
[TimeControl "1500"]
[WhiteElo "1592"]

{ 512MB, Rybka3.ctg, Valo-PC } 1.d4 d6 2.Nf3 f6 3.e3 Bf5 4.c4 Nc6 5.Nc3 e5
6.Nh4 Bd7 7.Qh5+ g6 8.Nxg6 hxg6 9.Qxh8 Nh6 10.e4 Nf7 11.Qh4 Nxd4 12.Bd3 g5
13.Qg3 a6 14.Be3 c6 15.O-O b5 16.cxb5 axb5 17.Bxd4 exd4 18.Ne2 c5 19.b3 Ne5
20.Bb1 Qa5 21.f4 gxf4 22.Nxf4 Qc3 23.Qxc3 dxc3 24.Nd5 b4 25.Nc7+ Ke7 26.Nxa8
Ng4 27.Bd3 Ne3 28.Rf2 Bh6 29.Nb6 Ng4 30.Nd5+ Kf7 31.Rff1 Bc6 32.h3 Bxd5
33.hxg4 Be6 34.Bc4 Bxc4 35.bxc4 c2 36.Kf2 Ke6 37.Ke2 Ke5 38.Kd3 c1=Q 39.Raxc1
Bxc1 40.Rxc1 Kf4 41.Rf1+ 1-0

[Event "Tournoi Ouvert de Gatineau (C)"]
[Site "Gatineau"]
[Date "2015.03.??"]
[Round "4"]
[White "Ketata, Nabil"]
[Black "Traversy, Pierre"]
[Result "0-1"]
[BlackElo "1124"]
[WhiteElo "1030"]

1.c4 e5 2.Nf3 Nc6 3.Nc3 Nf6 4.d3 d5 5.cxd5 Nxd5 6.Nxd5 Qxd5 7.g3 Qd8 8.Bg2
Be7 9.e4 Bg4 10.O-O Nd4 11.Qa4+ Bd7 12.Qd1 Nxf3+ 13.Qxf3 Bb5 14.b3 Bc5 15.a4
Bd4 16.axb5 Bxa1 17.Ba3 Bd4 18.Bh3 c5 19.bxc6 bxc6 20.Qf5 c5 21.Bxc5 Bxc5
22.Qxe5+ Qe7 23.Qxg7 Rf8 24.Bf5 h5 25.d4 Bb6 26.Qh6 Bxd4 27.Qc6+ Kd8 28.Qxa8+
Kc7 29.Rc1+ Bc5 30.Rxc5+ Qxc5 31.Qd5 Qxd5 32.exd5 Kd6 33.Be4 Rb8 34.Bf3 Rxb3
35.Bxh5 f6 36.Bf7 a5 37.Be8 Rd3 38.Ba4 Rxd5 39.h4 Ke5 40.h5 Kf5 41.f4 Rd8
42.Kg2 Rh8 43.Bc2+ Ke6 44.f5+ Ke5 45.g4 Kf4 46.Kh3 Kg5 47.Bd1 Rd8 48.Be2 a4
49.Bc4 Rd4 50.Be2 a3 51.Bf1 Rxg4 52.h6 Rh4+ 53.Kg3 Rxh6 54.Kf3 Rh8 55.Ke3 Rd8
56.Bc4 Rd1 57.Ke2 Rd4 58.Ke3 Rf4 59.Kd3 Rxf5 60.Ba2 Rc5 61.Kd4 Rc1 62.Kd3 Kf4
63.Kd4 Ra1 64.Bb3 f5 65.Be6 Rc1 66.Ba2 Kg3 67.Ke5 f4 68.Bd5 f3 69.Ke4 f2
70.Ke3 f1=Q 71.Kd2 Rd1+ 72.Kc2 Rxd5 73.Kb3 Qb5+ 74.Ka2 Qb2# 0-1

[Event "Tournoi Ouvert de Gatineau (C)"]
[Site "Gatineau"]
[Date "2015.03.??"]
[Round "5"]
[White "Traversy, Pierre"]
[Black "Légaré, Gilles"]
[Result "1-0"]
[BlackElo "1103"]
[WhiteElo "1224"]

1.d4 g6 2.Nf3 d5 3.c4 c6 4.cxd5 cxd5 5.Nc3 e6 6.a3 a6 7.Bf4 Bg7 8.e3 Bd7
9.Bd3 Ne7 10.Qc2 O-O 11.Rc1 Bb5 12.Bxb5 axb5 13.Nxb5 Qa5+ 14.Nc3 Nd7 15.O-O
Qd8 16.b3 Rc8 17.Qb2 Nf5 18.Nb5 Nf6 19.Rxc8 Qxc8 20.Rc1 Qd7 21.a4 b6 22.Rc7
Qd8 23.Bg5 Nd6 24.Rc6 Nxb5 25.axb5 h6 26.Bf4 Ne4 27.Bc7 Qe8 28.Nd2 f5 29.Nxe4
fxe4 30.Bg3 Qa8 31.h3 Re8 32.Rxb6 Qa5 33.Rb8 Rxb8 34.Bxb8 Qxb5 35.Bg3 g5
36.Qc2 Qd7 37.b4 Kh7 38.f3 h5 39.fxe4 Kg8 40.exd5 exd5 41.Qc3 h4 42.Bf2 g4
43.Bxh4 gxh3 44.g3 Qe6 45.Qc2 Qxe3+ 46.Qf2 Qe4 47.Kh2 Qg4 48.Bf6
{ Les noirs perdent faute de temps! } 1-0

[Event "Tournoi Ouvert de Gatineau (C)"]
[Site "Gatineau"]
[Date "2015.03.??"]
[Round "5"]
[White "St-Pierre, Paul"]
[Black "Ménard, Marc"]
[Result "1-0"]
[BlackElo "1467"]
[EventDate "2015.??.??"]
[TimeControl "1500"]
[WhiteElo "1577"]

{ 512MB, Rybka3.ctg, Valo-PC } 1.d4 Nf6 2.c4 e6 3.Nc3 Be7 4.e3 O-O 5.Bd3 d5
6.Nf3 dxc4 7.Bxc4 c5 8.O-O Nc6 9.b3 a6 10.Ne5 Qc7 11.Nxc6 Qxc6 12.d5 exd5
13.Nxd5 Re8 14.Bb2 Bg4 15.f3 Bh5 16.Rf2 Rad8 17.Nxe7+ 1-0

[Event "Tournoi Ouvert de Gatineau (C)"]
[Site "Gatineau"]
[Date "2015.03.??"]
[Round "5"]
[White "Caroll, Billy"]
[Black "Ethier, Valori"]
[Result "1-0"]
[Annotator "Stockfish 5 64-Val2014 (121s)"]
[BlackElo "1347"]
[EventCountry "CAN"]
[EventDate "2015.03.??"]
[EventRounds "4"]
[WhiteElo "1375"]

{ B19: Classical Caro-Kann: 4...Bf5 main line } 1.e4 c6 2.d4 d5 3.Nc3 dxe4
4.Nxe4 Bf5 5.Ng3 Bg6 6.h4 h6 7.Nf3 e6 8.Ne5 Ne7 9.Nxg6 Nxg6 10.h5 Ne7 11.c3
( 11.Be2 Nd5 12.c4 Nf6 13.Be3 Nbd7 14.O-O Bd6 15.f4 Qe7 16.Bf3 g5 17.hxg6
fxg6 18.Ne4 Nxe4 19.Bxe4 Rg8 20.b4 Nf6 21.Bf3 Bxb4 22.Rb1 Bd6 23.Qa4 Kf7
24.c5 Bb8 25.Rxb7 Qxb7
{ Michalczak,T (2340)-Puerckhauer,S (2146)/
Schwaebisch Gmuend 2008/CBM 122 Extra/1/2-1/2 (49) } ) ( 11.c4 Nd7 12.Be3 Nf5
13.Nxf5 Qa5+ 14.Bd2 Qxf5 15.Qb3 Qe4+ 16.Be3 O-O-O 17.O-O-O Qf5 18.Qa4 a6
19.Bd3 Qf6 20.f4 Bd6 21.g3 Bc7 22.Be4 Nb8 23.Rd3 Rd7 24.Rhd1 Bb6 25.b4 Rhd8
{ Barzanu,I (2216)-Bucur,S (2025)/Olanesti 2012/CBM 150 Extra/1/2-1/2 (49) }
) 11...Nd7 12.Ne4 $146 { Diagram # White has a mate threat } ( 12.Qb3 Qc7
13.Rh4 Nd5 14.Ne4 Be7 15.Rh3 O-O-O 16.Bd2 N7f6 17.Nxf6 Bxf6 18.O-O-O Nf4
19.Rh1 Rd5 20.g3 Nxh5 21.Bc4 Ra5 22.Be2 g6 23.Rh3 Ng7 24.Rxh6 Rxh6 25.Bxh6
Bg5+ 26.Bxg5 Rxg5
{ Bornhauser,E (1910)-Giraud,S (1850)/Val d'Isere 2004/EXT
2005/0-1 (56) } ) 12...Nd5 13.g4 Be7 14.c4
{ White threatens to win material:
c4xd5 } 14...N5f6 15.f3 { Covers e4 } ( 15.Nc3 $5 $15
{ has some apparent merit } ) 15...Nxe4 $17 16.fxe4 Bg5 17.c5 $2
{ This push gains space } ( 17.Be2 c5 18.d5 Bf6 $15 ) 17...Qa5+ ( 17...e5
$142 $5 18.d5 Qa5+ 19.Bd2 Qxc5 $17 ) 18.Bd2 $17 Bxd2+ 19.Qxd2 Qxd2+ 20.Kxd2
O-O-O 21.Ke3 Rhe8 22.Be2 Re7 23.a4 ( 23.Rac1 Nf6 $11 ) 23...f6 ( 23...e5
24.d5 cxd5 25.exd5 Nxc5 26.Bc4 $17 ) 24.a5 ( 24.b4 $142 $14
{ and White can hope to live } ) 24...e5 $17 25.a6 $2 ( 25.d5 $142 Nxc5
26.Bc4 $15 ) 25...exd4+ $19 26.Kxd4 b6 ( 26...Re5 $142
{ with excellent
chances for Black } 27.axb7+ Kxb7 $19 ) 27.cxb6 $17 Nxb6+ 28.Ke3 Red7 29.Rhd1
( 29.g5 $142 { would keep White alive } 29...Kc7 30.gxh6 gxh6 31.Raf1 $11 )
29...Rxd1 $17 30.Rxd1 Rxd1 $4 { weakening the position } ( 30...Nc4+ $142 $1
{ Black
missed this excellent chance } 31.Kf4 Rxd1 32.Bxd1 Nxb2 $19 ) 31.Bxd1 $11
{ A
minor pieces endgame occured } 31...Nc4+
{ Manoeuvre Nb6-c4-d6-f7-e5[%cal Yf7e5,Yd6f7] } 32.Kd4 Nd6 ( 32...Nxb2 33.Bc2
Kc7 34.Kc3 $18 ) 33.Be2 Nf7 34.b4 Ne5 { A
sound move } 35.Ke3 Kc7 36.Kf4 Kd6 37.b5 Kc5 38.bxc6 Nxc6 39.Kf5 Nd4+ 40.Kg6
{ White threatens to win material: Kg6xg7 } 40...Nxe2 41.Kxg7
{ Black wins a piece } 41...Ng3 $4
{ simply marches past the door to victory } ( 41...Nf4 $142 $11
{ would
bring relief } ) 42.Kxh6 $18 Nxe4 43.Kg6 Kb6 44.h6 Ng5 45.Kxf6 Nh7+ 46.Kg6 ( 
46.Kg7 Ng5 47.h7 Ne6+ 48.Kf6 Nc7 49.h8=Q Kc5 50.g5 Nd5+ 51.Kf7 Nb6 52.g6 Nc4
53.g7 Nd6+ 54.Kf8 Nf7 55.Kxf7 Kb4 56.g8=Q Kc4 57.Ke7+ Kd3 58.Qb3+ Ke4 59.Qh4+
Kf5 60.Qe6# ) 46...Nf8+ $18 47.Kf7 Nh7 48.Kg7 Ng5 49.h7 ( 49.h7 Ne6+ 50.Kf6
Nf4 51.h8=Q Nd5+ 52.Ke5 Nb4 53.Kd6 Kb5 54.g5 Nxa6 55.g6 Nc5 56.Qe5 Kc4
57.Qxc5+ Kd3 58.Kd5 a6 59.g7 a5 60.g8=Q a4 61.Qg2 a3 62.Qxa3# ) 1-0

[Event "Tournoi Ouvert de Gatineau (C)"]
[Site "Gatineau"]
[Date "2015.03.??"]
[Round "5"]
[White "Poirier, Alexis"]
[Black "Sabourin, Yves"]
[Result "1-0"]
[BlackElo "1447"]
[EventDate "2015.??.??"]
[TimeControl "1500"]
[WhiteElo "1536"]

{ 512MB, Rybka3.ctg, Valo-PC } 1.e4 c5 2.Nf3 Nc6 3.d4 e6 4.d5 exd5 5.exd5 Nb8
6.d6 Qf6 7.Qe2+ Qe6 8.Bf4 Nf6 9.Nc3 a6 10.Na4 Nd5 11.Bg3 b5 12.Nxc5 Qxe2+
13.Bxe2 f5 14.O-O-O Nb4 15.a3 N4c6 16.Bd3 g6 17.Ng5 Bh6 18.Rhe1+ Kf8 19.Bf4
Bxg5 20.Bxg5 Kf7 21.f4 Ra7 22.Re2 Re8 23.Rxe8 Kxe8 24.Re1+ Kf7 25.a4 b4
26.Bc4+ Kg7 27.Re7+ 1-0

[Event "Tournoi Ouvert de Gatineau (C)"]
[Site "Gatineau"]
[Date "2015.03.??"]
[Round "5"]
[White "Simard, Paul"]
[Black "Gangolli, Rahul"]
[Result "0-1"]
[BlackElo "973"]
[EventDate "2015.??.??"]
[TimeControl "1500"]
[WhiteElo "1137"]

{ 512MB, Rybka3.ctg, Valo-PC } 1.f4 d5 2.e3 Nf6 3.Nf3 Nbd7 4.b3 e6 5.Bb2 Bd6
6.Be2 O-O 7.O-O Re8 8.Nd4 c6 9.d3 a6 10.Nd2 c5 11.N4f3 e5 12.c4 d4 13.Ne4
Nxe4 14.dxe4 Nf6 15.exd4 cxd4 16.fxe5 Bxe5 17.Nxe5 Rxe5 18.Bxd4 Rxe4 19.Bxf6
Qb6+ 20.Kh1 Qxf6 21.Qd3 Qc6 22.Bf3 Bf5 23.Bxe4 Bxe4 24.Qg3 Kf8 25.Rad1 Ke7
26.Rfe1 Qe6 27.Qc7+ Kf8 0-1

[Event "Tournoi Ouvert de Gatineau (C)"]
[Site "Gatineau"]
[Date "2015.03.??"]
[Round "5"]
[White "Masse-Garneau, Anthony"]
[Black "Sabourin, Sébastien"]
[Result "0-1"]
[BlackElo "1353"]
[EventDate "2015.??.??"]
[TimeControl "1500"]
[WhiteElo "1115"]

{ 512MB, Rybka3.ctg, Valo-PC } 1.d4 d5 2.c4 c6 3.Nc3 Nf6 4.Bg5 e6 5.cxd5 exd5
6.Nf3 h6 7.Bh4 Bd6 8.e3 Bg4 9.Be2 Nbd7 10.Qc2 Qc7 11.O-O-O b5 12.h3 Bh5 13.e4
Bf4+ 14.Kb1 b4 15.e5 bxc3 16.exf6 Nxf6 17.Bxf6 gxf6 18.Qxc3 O-O 19.Rhe1 Bg6+
20.Ka1 a5 21.Bd3 Bd6 22.Bxg6 fxg6 23.a3 Rab8 24.Qd3 Kg7 25.Nh4 f5 26.g4 Qf7
27.gxf5 gxf5 28.Qa6 Qb7 29.Qxb7+ Rxb7 30.Re8 Kf6 31.Rxf8+ Bxf8 32.f4 Rb3
33.Rc1 Rb6 34.Kb1 Bxa3 35.Rxc6+ Rxc6 36.bxa3 Rc3 0-1

[Event "Tournoi Ouvert de Gatineau (C)"]
[Site "Gatineau"]
[Date "2015.03.??"]
[Round "5"]
[White "Lemieux, Serge"]
[Black "Latreille, Étienne"]
[Result "1/2-1/2"]
[BlackElo "1365"]
[EventDate "2015.??.??"]
[TimeControl "1500"]
[WhiteElo "1545"]

{ 512MB, Rybka3.ctg, Valo-PC } 1.d4 d5 2.e3 Nf6 3.Bd3 g6 4.Nd2 Nc6 5.f4 Bg7
6.c3 Bf5 7.Bxf5 gxf5 8.Ngf3 e6 9.b4 a6 10.a4 Rg8 11.Ne5 Nxe5 12.dxe5 Ne4
13.Nxe4 dxe4 14.Qxd8+ Rxd8 15.Bd2 f6 16.exf6 Bxf6 17.g3 Rg7 18.Ke2 Rgd7
19.Rhd1 h5 20.h4 b6 21.Be1 Rxd1 22.Rxd1 Rxd1 23.Kxd1 Kd7 24.Kc2 b5 25.axb5
axb5 26.Kb3 Kd6 27.c4 c6 28.c5+ Kd5 29.Bc3 Bxc3 30.Kxc3 e5 1/2-1/2

[Event "Tournoi Ouvert de Gatineau (C)"]
[Site "Gatineau"]
[Date "2015.03.??"]
[Round "5"]
[White "Dupont-Mageau, Nicolas"]
[Black "Peters, Romy"]
[Result "1-0"]
[BlackElo "1592"]
[EventDate "2015.??.??"]
[TimeControl "1500"]
[WhiteElo "1267"]

{ 512MB, Rybka3.ctg, Valo-PC } 1.e4 e6 2.d4 d5 3.Nc3 dxe4 4.Nxe4 Nd7 5.Nf3
Ngf6 6.Bg5 Be7 7.Bd3 Nxe4 8.Bxe7 Qxe7 9.Bxe4 Qb4+ 10.Qd2 Qxb2 11.O-O Qa3
12.Qf4 Qd6 13.Qg5 O-O 14.Qh4 f5 15.Bd3 Nf6 16.h3 h6 17.g4 Qd5 18.Ne5 Qxd4
19.Ng6 Re8 20.Kh2 Kf7 21.Rg1 c5 22.gxf5 Qxh4 23.fxe6+ Bxe6 24.Nxh4 Kg8 25.Nf5
Bxf5 26.Bxf5 Re5 27.Bd3 Rae8 28.Bc4+ Kf8 29.Rab1 b6 30.Rg3 Ne4 31.Rf3+ Nf6
32.Ra3 R8e7 33.Rd1 Re4 34.Rd8+ Ne8 35.Bb5 Kf7 36.Bxe8+ Rxe8 37.Rd7+ R4e7
38.Raxa7 Rxd7 39.Rxd7+ Re7 40.Rxe7+ Kxe7 41.Kg3 Ke6 42.Kf4 Kd5 43.Kf5 g5
44.Kg6 Kc4 45.Kxh6 Kc3 46.Kxg5 Kxc2 47.f4 Kb2 48.f5 c4 49.f6 c3 50.f7 c2
51.f8=Q c1=Q+ 52.Qf4 Qc5+ 53.Kg4 Kxa2 54.Qd2+ Ka3 55.Qd3+ Ka4 56.Qd1+ Kb5
57.Qb1+ Kc6 58.Qg6+ Kb7 59.Qf7+ Ka6 60.Qa2+ Qa5 61.Qc4+ b5 62.Qc6+ Qb6
63.Qa8+ Qa7 64.Qxa7+ Kxa7 65.Kf3 Ka6 66.Ke3 Kb6 67.h4 b4 68.Kd2 Kc6 69.h5 b3
70.Kc3 Kd6 71.h6 Ke7 72.h7 1-0

[Event "Tournoi Ouvert de Gatineau (C)"]
[Site "Gatineau"]
[Date "2015.03.??"]
[Round "3"]
[White "Gangolli, Rahul "]
[Black "Ketata, Nabil"]
[Result "1-0"]
[BlackElo "1030"]
[WhiteElo "973"]

1.d4 Nf6 2.c4 e6 3.Nc3 c5 4.Nf3 h6 5.e4 Qa5 6.Bd2 Bd6 7.e5 cxd4 8.Nd5 Qd8
9.Nxf6+ gxf6 10.exd6 e5 11.Bd3 Qb6 12.Rb1 Qxd6 13.O-O b6 14.Be4 Nc6 15.Nh4
Ba6 16.Nf5 Qf8 17.Qa4 Bb7 18.Rfe1 a5 19.Nxd4 exd4 20.Bxc6+ Kd8 21.Bxb7 Ra7
22.Bf3 Rg8 23.Qb5 Qd6 24.Rbd1 h5 25.Qxh5 a4 26.a3 Ra5 27.Bxa5 bxa5 28.Qxa5+
Kc8 29.Rc1 Rg5 30.Re8# 1-0

[Event "Tournoi Ouvert de Gatineau (C)"]
[Site "Gatineau"]
[Date "2015.03.??"]
[Round "3"]
[White "Poirier, Alexis "]
[Black "Simard, Paul"]
[Result "1-0"]
[BlackElo "1137"]
[WhiteElo "1536"]

1.e4 e5 2.Nf3 d6 3.Bc4 Nf6 4.Nc3 Be7 5.O-O O-O 6.d4 exd4 7.Qxd4 c5 8.Qd3 Nbd7
9.Bf4 b6 10.Bxd6 Bxd6 11.Qxd6 Bb7 12.Nd5 Re8 13.Nxf6+ Nxf6 14.Qxd8 Raxd8
15.Ng5 Re7 16.e5 Ne4 17.Bxf7+ Rxf7 18.Nxf7 Kxf7 19.f3 Nd2 20.Rfd1 Bxf3
21.gxf3 Nxf3+ 22.Kg2 Rxd1 23.Rxd1 Nxe5 24.Rd8 Ng4 25.Rd7+ Kf6 26.Rxa7 Ne3+
27.Kf3 Nxc2 28.Ra6 Kf5 29.Rxb6 Nd4+ 30.Kf2 h5 31.a4 g5 32.a5 Ne6 33.Rxe6 Kxe6
34.a6 Kf5 35.a7 Kf4 36.a8=Q g4 37.Qf8+ Ke4 38.Qxc5 h4 39.Qd6 Kf5 40.b4 g3+
41.hxg3 h3 42.Kf3 h2 43.g4+ 1-0

[Event "Tournoi Ouvert de Gatineau (C)"]
[Site "Gatineau"]
[Date "2015.03.??"]
[Round "3"]
[White "Masse-Garneau, Anthony "]
[Black "Peters, Romy "]
[Result "0-1"]
[BlackElo "1592"]
[WhiteElo "1115"]

1.d4 d5 2.c4 c6 3.Nc3 dxc4 4.e3 Be6 5.Qa4 b5 6.Nxb5 cxb5 7.Qxb5+ Bd7 8.Qb7
Nc6 9.Bxc4 Rb8 10.Qa6 Qb6 11.Qxb6 Rxb6 12.Nf3 e6 13.d5 Bb4+ 14.Bd2 Bxd2+
15.Kxd2 exd5 16.Bxd5 Nf6 17.Bxc6 Bxc6 18.Rac1 O-O 19.h3 Rxb2+ 20.Ke1 Bb5
21.Ra1 Re2+ 22.Kd1 Rxf2 23.Rg1 Rb2 24.Kc1 Rf2 25.a4 Rc8+ 26.Kd1 Ba6 27.Rc1
Rxc1+ 28.Kxc1 Ra2 29.Rd1 Ra1+ 30.Kc2 Rxd1 31.Kxd1 Bf1 0-1